MARC

LEADER 00000nam0a2200000 4500
001 133862
005 20231101220444.0
035 |a (RuTPU)RU\TPU\book\145103 
090 |a 133862 
100 |a 20080321d1980 km y0rusy50 ca 
101 0 |a rus 
102 |a AM 
105 |a y z 001zy 
200 1 |a Симметрия и асимметрия в познании  |f И. Д. Акопян  |g Академия наук Армянской ССР, Институт философии и права 
210 |a Ереван  |c Изд-во АН Армянской ССР  |d 1980 
215 |a 132 с. 
320 |9 572  |a Библиография в ссылках 
606 1 |a Научное познание  |x Диалектика  |2 stltpush  |3 (RuTPU)RU\TPU\subj\45132  |9 64394 
606 1 |a Симметрия в макро-микро мире  |2 stltpush  |3 (RuTPU)RU\TPU\subj\54836  |9 72914 
610 1 |a ассимиляция 
610 1 |a абстрактная теория 
610 1 |a диссиметрия 
610 1 |a физическое знание 
610 1 |a физические явления 
610 1 |a физические законы 
610 1 |a биологическое знание 
675 |a 530.145.6  |v 3 
686 |a Ю251.1  |2 rubbk 
700 1 |a Акопян  |b И. Д.  |g Ида Дмитриевна 
712 0 2 |a Академия наук Армянской ССР  |b Институт философии и права  |2 stltpush  |3 (RuTPU)RU\TPU\col\19039  |9 27315 
801 1 |a RU  |b 63413507  |c 20080228  |g PSBO 
801 2 |a RU  |b 63413507  |c 20210420  |g PSBO 
942 |c BK